Textbook of Applied Psychology for Nursing and Alied Health Sciences (Record no. 252537)

MARC details
000 -LEADER
fixed length control field 00437pam a2200157a 44500
008 - FIXED-LENGTH DATA ELEMENTS--GENERAL INFORMATION
fixed length control field 230405s2021 xxu||||| |||| 00| 0 eng d
020 ## - INTERNATIONAL STANDARD BOOK NUMBER
International Standard Book Number 9788194727637
Terms of availability Rs. 495
082 ## - DEWEY DECIMAL CLASSIFICATION NUMBER
Classification number 150
Item number MAH
100 ## - MAIN ENTRY--PERSONAL NAME
Personal name Maheshwari, S.k.
245 ## - TITLE STATEMENT
Title Textbook of Applied Psychology for Nursing and Alied Health Sciences
260 ## - PUBLICATION, DISTRIBUTION, ETC.
Place of publication, distribution, etc. Panjab
Name of publisher, distributor, etc. Vision Health Sc. Pub.
Date of publication, distribution, etc. 2021
300 ## - PHYSICAL DESCRIPTION
Extent 296 p.
502 ## - DISSERTATION NOTE
Dissertation note text
700 ## - ADDED ENTRY--PERSONAL NAME
Personal name Kaur, A.
906 ## - LOCAL DATA ELEMENT F, LDF (RLIN)
a 004503

No items available.